000 00465nam a2200205Ia 4500
003 0100
008 130303s9999 xx 000 0 und d
020 _a862172012
040 _cARRUPELIB
050 _aP90.O20 1985
100 _aOwens, David
245 _aIntroduction to tha Mass Media 1
260 _aDublin
260 _bVeritas Pub.
260 _C1985
300 _a96p.
300 _b 22cm.
700 _aDavid Owens and Patrick Hunt
942 0 0 _01
999 _c9502
_d9502